Электрическая часть электростанций и подстанций. Справочные и методические материлы для выполнения квалификационных работ: учебно-справочное пособие

Sonraí bibleagrafaíochta
Príomhchruthaitheoir: Крючков И. П. Иван Петрович
Rannpháirtithe: Пираторов М. В. Михаил Васильевич (редактор), Старшинов В. А. Владимир Алексеевич
Achoimre:Приведены методические указания для выполнения квалификационных работ с использованием современных нормативно-технических документов, а также основные данные о параметрах и характеристиках синхронных машин, силовых трансформаторов и автотрансформаторов, электрических аппаратов, токоограничивающих реакторов, силовых кабелей и другого электрооборудования, выпускаемого в настоящее время и рекомендуемого к применению.Для студентов и преподавателей электроэнергетических специаль­ностей вузов, а также для инженерно-технических работников энерго­систем.
Teanga:Rúisis
Foilsithe / Cruthaithe: Москва, Издательский дом МЭИ, 2015
Ábhair:
Formáid: LEABHAR
KOHA link:https://koha.lib.tpu.ru/cgi-bin/koha/opac-detail.pl?biblionumber=313072

MARC

LEADER 00000nam0a2200000 4500
001 313072
005 20231102002540.0
010 |a 9785383009581 
035 |a (RuTPU)RU\TPU\book\338455 
035 |a RU\TPU\book\248704 
035 |a RU\TPU\book\34123 
035 |a RU\TPU\book\270485 
090 |a 313072 
100 |a 20140124d2015 m y0rusy50 ca 
101 0 |a rus 
102 |a RU 
105 |a a gj 001zy 
200 1 |a Электрическая часть электростанций и подстанций. Справочные и методические материлы для выполнения квалификационных работ  |e учебно-справочное пособие  |f И. П. Крючков, М. В. Пираторов, В. А. Старшинов 
210 |a Москва  |c Издательский дом МЭИ  |d 2015 
215 |a 138 с.  |c ил. 
320 |a Библиогр.: с. 137. 
330 |a Приведены методические указания для выполнения квалификационных работ с использованием современных нормативно-технических документов, а также основные данные о параметрах и характеристиках синхронных машин, силовых трансформаторов и автотрансформаторов, электрических аппаратов, токоограничивающих реакторов, силовых кабелей и другого электрооборудования, выпускаемого в настоящее время и рекомендуемого к применению.Для студентов и преподавателей электроэнергетических специаль­ностей вузов, а также для инженерно-технических работников энерго­систем. 
606 1 |a Электрические станции  |x Электрооборудование  |2 stltpush  |3 (RuTPU)RU\TPU\subj\27642  |9 51365 
606 1 |a Электрические подстанции  |x Электрооборудование  |x Проектирование  |2 stltpush  |3 (RuTPU)RU\TPU\subj\27305  |9 51085 
610 1 |a расчетные данные 
610 1 |a синхронные генераторы 
610 1 |a компенсаторы 
610 1 |a системы возбуждения 
610 1 |a силовые трансформаторы 
610 1 |a автотрансформаторы 
610 1 |a электродвигатели переменного тока 
610 1 |a электрические аппараты 
610 1 |a электрические аппараты высокого напряжения 
610 1 |a шины 
610 1 |a кабели 
610 1 |a провода 
610 1 |a электрические соединения 
610 1 |a схемы 
610 1 |a материалы 
610 1 |a распределительные устройства 
610 1 |a эскизное проектирование 
610 1 |a технико-экономические расчеты 
610 1 |a курсовое проектирование 
610 1 |a дипломное проектирование 
610 1 |a справочные материалы 
610 1 |a учебные пособия 
675 |a 621.311.2.002.5-83(075.8)(035)  |v 3 
675 |a 621.311.4.002.5(075.8)(035)  |v 3 
700 1 |a Крючков  |b И. П.  |g Иван Петрович 
701 1 |a Пираторов  |b М. В.  |g Михаил Васильевич 
701 1 |a Старшинов  |b В. А.  |g Владимир Алексеевич 
702 1 |a Крючков  |b И. П.  |g Иван Петрович  |4 340 
801 1 |a RU  |b 63413507  |c 20160113 
801 2 |a RU  |b 63413507  |c 20160404  |g RCR 
900 |a Электрическая часть электростанций и подстанций 
942 |c BK 
959 |a 10/20160125  |d 3  |e 660,00  |f ЧЗТЛ:1  |f УФ:2